000 00782nam a2200229Ii 4500
003 JO-AjNU
008 230605s9999||||xx |||||||||||||| ||und||
017 _a2004/2925
020 _a977-01-9011-X
040 _aJO-AjNU
_bara
_erda
_cJO-AjNU
041 _aara
050 1 4 _aPJ7864.A2292 2004
100 3 _aتأليف عبد الوهاب،مصطفى ؛ دراسة يوسف الشاروني,
_eauthor
_917910
245 0 0 _aعلى من الدور؟ : قصص
264 3 1 _aالقاهرة:الهيئة المصرية العامة للكتاب،2004
300 _a159ص
336 _atext
_btxt
_2rdacontent
337 _aunmediated
_bn
_2rdamedia
338 _avolume
_bnc
_2rdacarrier
490 0 _aإشراقات جديدة
650 4 _aالأدب العربي - قصص
_917911
999 _aA5630
_c9198
_d9198